Statistics for Island Geography by Letter – A

Click here to take the quiz!

General Stats

  • This quiz has been taken 89 times
  • The average score is 11 of 20

Answer Stats

HintAnswer% Correct
Caribbean country whose flag depicts a rising sunAntigua and Barbuda
98%
New Zealand's largest cityAuckland
98%
Sea in which Euboea and Lesbos are located{Aegean} Sea
94%
Portuguese island chain known for vibrant lakes and cratersAzores
90%
Term for a chain of islandsArchipelago
86%
Capital of MadagascarAntananarivo
84%
Capital of SamoaApia
80%
Alaskan island chain stretching into the Eastern Hemisphere{Aleutian} Islands
73%
Indian island chain between Myanmar and Sumatra{Andaman} Islands
70%
Capital of CorsicaAjaccio
66%
Finnish island group in the Gulf of Bothnia{Åland} Islands
53%
British overseas territory located northwest of the aboveAnguilla
53%
You can visit Llanfairpwllgwyngyll on this Welsh islandAnglesey
40%
One of the UK's military bases on CyprusAkrotiri
34%
Western Sumatran province, known for rainforests and beachesAceh
25%
Capital of NiueAlofi
19%
Equatorial Guinean province south of the equatorAnnobón
8%
Seychellois atoll home to an entire species of tortoiseAldabra
6%
Island in Canada's James Bay{Akimiski} Island
4%
Mauritian pair of islands 1000km north of the country's main islandsAgaléga
3%

Score Distribution

Percentile by Number Answered

Percent of People with Each Score

Your Score History

You have not taken this quiz